000 00895nas a2200313 4500
001 BR2010004086
003 BR-BrBNA
005 20231205114655.0
007 ta
008 230509b bl.|||p| |||| 00| 00por d
040 _aBR-BrBNA
_bpor
_cBiblioteca Nacional de Agricultura
041 _a(Pt)
072 _aF04
100 1 _aOliveira, A.P. de
100 1 _aOliveira, F.J.V. de
100 1 _aSilva, J.A. da
100 1 _aOliveira, A.N.P. de
100 1 _aSantos, R.R.
100 1 _aSilva, D.F. da
245 1 _aParcelamento e fontes de nitrogênio para produção de maxixe
650 _aMAXIXE
650 _aADUBAÇÃO
650 _aNITROGÊNIO
650 _aURÉIA
650 _aSOLO
773 0 _tHorticultura Brasileira (Brazil)
_xISSN 0102-0536
_g(Apr-Jun 2010), v. 28(2) p. 218-221
_wBR2010004086
909 _a202311
_bLúcia
_c55
_dLúcia Elande
942 _2AGRIS
_n0
_cANA
999 _c209884
_d209884